How the transaction cost theory can help us understand the regional technological changes in the post-socialist economies?
Regionálne technologické zmeny v post socialistických ekonomikách založené na teórii transakčných nákladov. Ekonomiky založené na transakčných nákladoch. Inovačné systémy a tranzitívne ekonomiky. Perspektíva transakčných nákladov. Nové znalostné trhy - vznik KIBS (znalostne intenzívne služby podniko...
Enregistré dans:
| Auteur principal: | |
|---|---|
| Format: | Chapitre de livre |
| Langue: | anglais |
| Sujets: | |
| Tags: |
Pas de tags, Soyez le premier à ajouter un tag!
|
MARC
| LEADER | 00000nla$a2200000$$$4500 | ||
|---|---|---|---|
| 001 | 0110398 | ||
| 005 | 20240513084029.7 | ||
| 041 | 0 | |a eng | |
| 044 | |a SK | ||
| 245 | 1 | 0 | |a How the transaction cost theory can help us understand the regional technological changes in the post-socialist economies? |c Štefan Rehák |
| 520 | |a Regionálne technologické zmeny v post socialistických ekonomikách založené na teórii transakčných nákladov. Ekonomiky založené na transakčných nákladoch. Inovačné systémy a tranzitívne ekonomiky. Perspektíva transakčných nákladov. Nové znalostné trhy - vznik KIBS (znalostne intenzívne služby podnikom). KIBS trhy. | ||
| 610 | 2 | 0 | |a náklady transakčné |
| 610 | 2 | 0 | |a krajiny tranzitívne |
| 610 | 2 | 0 | |a technológie nové |
| 610 | 2 | 0 | |a inovácia |
| 610 | 2 | 0 | |a regióny |
| 610 | 2 | 0 | |a vedomosti |
| 100 | 1 | |a Rehák, Štefan, 1974- | |